| 000 | 00608nam a2200253 a 4500 | ||
|---|---|---|---|
| 001 | nice12345678 | ||
| 003 | IN_TiNIC | ||
| 005 | 20260116013508.0 | ||
| 008 | 050524s1986 boma grp 000 0 eng | ||
| 020 |
_a _c250 |
||
| 082 | 0 | 0 |
_a722.4484 _bMIC |
| 100 | _aMichell, George | ||
| 245 | _aIslamic Heritage of the Deccan | ||
| 260 |
_aBombay _bMarg Pub. _c1986 |
||
| 300 | _a130p | ||
| 500 | _aincludes index and biblioraphy | ||
| 505 | 2 | _aIndex | |
| 650 | _aDeccan-History-Islam | ||
| 650 | _aHistory-Deccan | ||
| 700 | 1 | _aMichell, George | |
| 902 | _bRHR | ||
| 942 | _cBK | ||
| 999 |
_c11211 _d11211 |
||